{"text_format":"3","workbook":"xls","n_sheets":1,"sheets":["Suministro_ExistenciaConPrecio_"],"not_rendered":{"images":1,"external_links":1,"defined_names":1},"read":"whole","date_system":"1900","formulas":"cached_only"}

{"sheet":"Suministro_ExistenciaConPrecio_","index":0,"n_rows":191,"n_cols":10,"rows_kept":191,"merged":[[0,0,3,1],[0,2,0,10],[2,2,2,10],[6,0,7,5],[7,8,8,9],[9,8,11,9],[10,0,10,5],[13,1,13,11],[14,1,14,2],[14,5,14,6],[14,7,14,8],[14,9,14,11],[15,1,15,2],[15,5,15,6],[15,7,15,8],[15,9,15,11],[16,1,16,2],[16,5,16,6],[16,7,16,8],[16,9,16,11],[17,1,17,2],[17,5,17,6],[17,7,17,8],[17,9,17,11],[18,1,18,2],[18,5,18,6],[18,7,18,8],[18,9,18,11],[19,1,19,2],[19,5,19,6],[19,7,19,8],[19,9,19,11],[20,1,20,2],[20,5,20,6],[20,7,20,8],[20,9,20,11],[21,1,21,2],[21,5,21,6],[21,7,21,8],[21,9,21,11],[22,1,22,2],[22,5,22,6],[22,7,22,8],[22,9,22,11],[23,1,23,2],[23,5,23,6],[23,7,23,8],[23,9,23,11],[24,1,24,2],[24,5,24,6],[24,7,24,8],[24,9,24,11],[25,1,25,2],[25,5,25,6],[25,7,25,8],[25,9,25,11],[26,1,26,2],[26,5,26,6],[26,7,26,8],[26,9,26,11],[27,1,27,2],[27,5,27,6],[27,7,27,8],[27,9,27,11],[28,1,28,2],[28,5,28,6],[28,7,28,8],[28,9,28,11],[29,1,29,2],[29,5,29,6],[29,7,29,8],[29,9,29,11],[30,1,30,2],[30,5,30,6],[30,7,30,8],[30,9,30,11],[31,1,31,2],[31,5,31,6],[31,7,31,8],[31,9,31,11],[32,1,32,2],[32,5,32,6],[32,7,32,8],[32,9,32,11],[33,1,33,2],[33,5,33,6],[33,7,33,8],[33,9,33,11],[34,1,34,2],[34,5,34,6],[34,7,34,8],[34,9,34,11],[35,1,35,2],[35,5,35,6],[35,7,35,8],[35,9,35,11],[36,1,36,2],[36,5,36,6],[36,7,36,8],[36,9,36,11],[37,1,37,2],[37,5,37,6],[37,7,37,8],[37,9,37,11],[38,1,38,2],[38,5,38,6],[38,7,38,8],[38,9,38,11],[39,1,39,2],[39,5,39,6],[39,7,39,8],[39,9,39,11],[40,1,40,2],[40,5,40,6],[40,7,40,8],[40,9,40,11],[41,1,41,2],[41,5,41,6],[41,7,41,8],[41,9,41,11],[42,1,42,2],[42,5,42,6],[42,7,42,8],[42,9,42,11],[43,1,43,2],[43,5,43,6],[43,7,43,8],[43,9,43,11],[44,1,44,2],[44,5,44,6],[44,7,44,8],[44,9,44,11],[45,1,45,2],[45,5,45,6],[45,7,45,8],[45,9,45,11],[46,1,46,2],[46,5,46,6],[46,7,46,8],[46,9,46,11],[47,1,47,2],[47,5,47,6],[47,7,47,8],[47,9,47,11],[48,1,48,2],[48,5,48,6],[48,7,48,8],[48,9,48,11],[49,1,49,2],[49,5,49,6],[49,7,49,8],[49,9,49,11],[50,1,50,2],[50,5,50,6],[50,7,50,8],[50,9,50,11],[51,1,51,2],[51,5,51,6],[51,7,51,8],[51,9,51,11],[52,1,52,2],[52,5,52,6],[52,7,52,8],[52,9,52,11],[53,1,53,2],[53,5,53,6],[53,7,53,8],[53,9,53,11],[54,1,54,2],[54,5,54,6],[54,7,54,8],[54,9,54,11],[55,1,55,2],[55,5,55,6],[55,7,55,8],[55,9,55,11],[56,1,56,2],[56,5,56,6],[56,7,56,8],[56,9,56,11],[57,1,57,2],[57,5,57,6],[57,7,57,8],[57,9,57,11],[58,1,58,2],[58,5,58,6],[58,7,58,8],[58,9,58,11],[59,1,59,2],[59,5,59,6],[59,7,59,8],[59,9,59,11],[60,1,60,2],[60,5,60,6],[60,7,60,8],[60,9,60,11],[61,1,61,2],[61,5,61,6],[61,7,61,8],[61,9,61,11],[62,1,62,2],[62,5,62,6],[62,7,62,8],[62,9,62,11],[63,1,63,2],[63,5,63,6],[63,7,63,8],[63,9,63,11],[64,1,64,2],[64,5,64,6],[64,7,64,8],[64,9,64,11],[65,1,65,2],[65,5,65,6],[65,7,65,8],[65,9,65,11],[66,1,66,2],[66,5,66,6],[66,7,66,8],[66,9,66,11],[67,1,67,2],[67,5,67,6],[67,7,67,8],[67,9,67,11],[68,1,68,2],[68,5,68,6],[68,7,68,8],[68,9,68,11],[69,1,69,2],[69,5,69,6],[69,7,69,8],[69,9,69,11],[70,1,70,2],[70,5,70,6],[70,7,70,8],[70,9,70,11],[71,1,71,2],[71,5,71,6],[71,7,71,8],[71,9,71,11],[72,1,72,2],[72,5,72,6],[72,7,72,8],[72,9,72,11],[73,1,73,2],[73,5,73,6],[73,7,73,8],[73,9,73,11],[74,1,74,2],[74,5,74,6],[74,7,74,8],[74,9,74,11],[75,1,75,2],[75,5,75,6],[75,7,75,8],[75,9,75,11],[76,1,76,2],[76,5,76,6],[76,7,76,8],[76,9,76,11],[77,1,77,2],[77,5,77,6],[77,7,77,8],[77,9,77,11],[78,1,78,2],[78,5,78,6],[78,7,78,8],[78,9,78,11],[79,1,79,2],[79,5,79,6],[79,7,79,8],[79,9,79,11],[80,1,80,2],[80,5,80,6],[80,7,80,8],[80,9,80,11],[81,1,81,2],[81,5,81,6],[81,7,81,8],[81,9,81,11],[82,1,82,2],[82,5,82,6],[82,7,82,8],[82,9,82,11],[83,1,83,2],[83,5,83,6],[83,7,83,8],[83,9,83,11],[84,1,84,2],[84,5,84,6],[84,7,84,8],[84,9,84,11],[85,1,85,2],[85,5,85,6],[85,7,85,8],[85,9,85,11],[86,1,86,2],[86,5,86,6],[86,7,86,8],[86,9,86,11],[87,1,87,2],[87,5,87,6],[87,7,87,8],[87,9,87,11],[88,1,88,2],[88,5,88,6],[88,7,88,8],[88,9,88,11],[89,1,89,2],[89,5,89,6],[89,7,89,8],[89,9,89,11],[90,1,90,2],[90,5,90,6],[90,7,90,8],[90,9,90,11],[91,1,91,2],[91,5,91,6],[91,7,91,8],[91,9,91,11],[92,1,92,2],[92,5,92,6],[92,7,92,8],[92,9,92,11],[93,1,93,2],[93,5,93,6],[93,7,93,8],[93,9,93,11],[94,1,94,2],[94,5,94,6],[94,7,94,8],[94,9,94,11],[95,1,95,2],[95,5,95,6],[95,7,95,8],[95,9,95,11],[96,1,96,2],[96,5,96,6],[96,7,96,8],[96,9,96,11],[97,1,97,2],[97,5,97,6],[97,7,97,8],[97,9,97,11],[98,1,98,2],[98,5,98,6],[98,7,98,8],[98,9,98,11],[99,1,99,2],[99,5,99,6],[99,7,99,8],[99,9,99,11],[100,1,100,2],[100,5,100,6],[100,7,100,8],[100,9,100,11],[101,1,101,2],[101,5,101,6],[101,7,101,8],[101,9,101,11],[102,1,102,2],[102,5,102,6],[102,7,102,8],[102,9,102,11],[103,1,103,2],[103,5,103,6],[103,7,103,8],[103,9,103,11],[104,1,104,2],[104,5,104,6],[104,7,104,8],[104,9,104,11],[105,1,105,2],[105,5,105,6],[105,7,105,8],[105,9,105,11],[106,1,106,2],[106,5,106,6],[106,7,106,8],[106,9,106,11],[107,1,107,2],[107,5,107,6],[107,7,107,8],[107,9,107,11],[108,1,108,2],[108,5,108,6],[108,7,108,8],[108,9,108,11],[109,1,109,2],[109,5,109,6],[109,7,109,8],[109,9,109,11],[110,1,110,2],[110,5,110,6],[110,7,110,8],[110,9,110,11],[111,1,111,2],[111,5,111,6],[111,7,111,8],[111,9,111,11],[112,1,112,2],[112,5,112,6],[112,7,112,8],[112,9,112,11],[113,1,113,2],[113,5,113,6],[113,7,113,8],[113,9,113,11],[114,1,114,2],[114,5,114,6],[114,7,114,8],[114,9,114,11],[115,1,115,2],[115,5,115,6],[115,7,115,8],[115,9,115,11],[116,1,116,2],[116,5,116,6],[116,7,116,8],[116,9,116,11],[117,1,117,2],[117,5,117,6],[117,7,117,8],[117,9,117,11],[118,1,118,2],[118,5,118,6],[118,7,118,8],[118,9,118,11],[119,1,119,2],[119,5,119,6],[119,7,119,8],[119,9,119,11],[120,1,120,2],[120,5,120,6],[120,7,120,8],[120,9,120,11],[121,1,121,2],[121,5,121,6],[121,7,121,8],[121,9,121,11],[122,1,122,2],[122,5,122,6],[122,7,122,8],[122,9,122,11],[123,1,123,2],[123,5,123,6],[123,7,123,8],[123,9,123,11],[124,1,124,2],[124,5,124,6],[124,7,124,8],[124,9,124,11],[125,1,125,2],[125,5,125,6],[125,7,125,8],[125,9,125,11],[126,1,126,2],[126,5,126,6],[126,7,126,8],[126,9,126,11],[127,1,127,2],[127,5,127,6],[127,7,127,8],[127,9,127,11],[128,1,128,2],[128,5,128,6],[128,7,128,8],[128,9,128,11],[129,1,129,2],[129,5,129,6],[129,7,129,8],[129,9,129,11],[130,1,130,2],[130,5,130,6],[130,7,130,8],[130,9,130,11],[131,1,131,2],[131,5,131,6],[131,7,131,8],[131,9,131,11],[132,1,132,2],[132,5,132,6],[132,7,132,8],[132,9,132,11],[133,1,133,2],[133,5,133,6],[133,7,133,8],[133,9,133,11],[134,1,134,2],[134,5,134,6],[134,7,134,8],[134,9,134,11],[135,1,135,2],[135,5,135,6],[135,7,135,8],[135,9,135,11],[136,1,136,2],[136,5,136,6],[136,7,136,8],[136,9,136,11],[137,1,137,2],[137,5,137,6],[137,7,137,8],[137,9,137,11],[138,1,138,2],[138,5,138,6],[138,7,138,8],[138,9,138,11],[139,1,139,2],[139,5,139,6],[139,7,139,8],[139,9,139,11],[140,1,140,2],[140,5,140,6],[140,7,140,8],[140,9,140,11],[141,1,141,2],[141,5,141,6],[141,7,141,8],[141,9,141,11],[142,1,142,2],[142,5,142,6],[142,7,142,8],[142,9,142,11],[143,1,143,2],[143,5,143,6],[143,7,143,8],[143,9,143,11],[144,1,144,2],[144,5,144,6],[144,7,144,8],[144,9,144,11],[145,1,145,2],[145,5,145,6],[145,7,145,8],[145,9,145,11],[146,1,146,2],[146,5,146,6],[146,7,146,8],[146,9,146,11],[147,1,147,2],[147,5,147,6],[147,7,147,8],[147,9,147,11],[148,1,148,2],[148,5,148,6],[148,7,148,8],[148,9,148,11],[149,1,149,2],[149,5,149,6],[149,7,149,8],[149,9,149,11],[150,1,150,2],[150,5,150,6],[150,7,150,8],[150,9,150,11],[151,1,151,2],[151,5,151,6],[151,7,151,8],[151,9,151,11],[152,1,152,2],[152,5,152,6],[152,7,152,8],[152,9,152,11],[153,1,153,2],[153,5,153,6],[153,7,153,8],[153,9,153,11],[154,1,154,2],[154,5,154,6],[154,7,154,8],[154,9,154,11],[155,1,155,2],[155,5,155,6],[155,7,155,8],[155,9,155,11],[156,1,156,2],[156,5,156,6],[156,7,156,8],[156,9,156,11],[157,1,157,2],[157,5,157,6],[157,7,157,8],[157,9,157,11],[158,1,158,2],[158,5,158,6],[158,7,158,8],[158,9,158,11],[159,1,159,2],[159,5,159,6],[159,7,159,8],[159,9,159,11],[160,1,160,2],[160,5,160,6],[160,7,160,8],[160,9,160,11],[161,1,161,2],[161,5,161,6],[161,7,161,8],[161,9,161,11],[162,1,162,2],[162,5,162,6],[162,7,162,8],[162,9,162,11],[163,1,163,2],[163,5,163,6],[163,7,163,8],[163,9,163,11],[164,1,164,2],[164,5,164,6],[164,7,164,8],[164,9,164,11],[165,1,165,2],[165,5,165,6],[165,7,165,8],[165,9,165,11],[166,1,166,2],[166,5,166,6],[166,7,166,8],[166,9,166,11],[167,1,167,2],[167,5,167,6],[167,7,167,8],[167,9,167,11],[168,1,168,2],[168,5,168,6],[168,7,168,8],[168,9,168,11],[169,1,169,2],[169,5,169,6],[169,7,169,8],[169,9,169,11],[170,1,170,2],[170,5,170,6],[170,7,170,8],[170,9,170,11],[171,1,171,2],[171,5,171,6],[171,7,171,8],[171,9,171,11],[172,1,172,2],[172,5,172,6],[172,7,172,8],[172,9,172,11],[173,1,173,2],[173,5,173,6],[173,7,173,8],[173,9,173,11],[174,1,174,2],[174,5,174,6],[174,7,174,8],[174,9,174,11],[175,1,175,2],[175,5,175,6],[175,7,175,8],[175,9,175,11],[176,1,176,2],[176,5,176,6],[176,7,176,8],[176,9,176,11],[177,1,177,2],[177,5,177,6],[177,7,177,8],[177,9,177,11],[178,1,178,2],[178,5,178,6],[178,7,178,8],[178,9,178,11],[179,1,179,2],[179,5,179,6],[179,7,179,8],[179,9,179,11],[180,1,180,2],[180,5,180,6],[180,7,180,8],[180,9,180,11],[181,1,181,2],[181,5,181,6],[181,7,181,8],[181,9,181,11],[182,1,182,2],[182,5,182,6],[182,7,182,8],[182,9,182,11],[183,1,183,2],[183,5,183,6],[183,7,183,8],[183,9,183,11],[184,1,184,2],[184,5,184,6],[184,7,184,8],[184,9,184,11],[185,1,185,2],[185,5,185,6],[185,7,185,8],[185,9,185,11],[186,1,186,2],[186,5,186,6],[186,7,186,8],[186,9,186,11],[187,1,187,2],[187,5,187,6],[187,7,187,8],[187,9,187,11],[188,1,188,2],[188,5,188,8],[188,9,188,11],[189,1,189,2],[189,5,189,6],[189,7,189,8],[189,9,189,11],[190,1,190,2],[190,5,190,11]],"flags":["formulas_cached_only"]}
[null,null,"Ave. Cayetano Germosén, Esq. Ave. Gregorio Luperón, El Pedregal, Santo Domingo, República Dominicana. Código postal: 02487 •Tels.: 809-567-4300 / 809-807-1116 • www.ambiente.gob.do\n"]
[]
[null,null,"“Año de la Innovación y Competitividad”"]
[]
[]
[]
["CAPITULO: 0218 - MINISTERIO DE MEDIO AMBIENTE Y RECURSOS NATURALES"]
[{"$nulls":8},"DAF: 000-01"]
[]
[{"$nulls":8},"UE: 0-1"]
["SUBCAPITULO: 01"]
[]
[]
[null," SUMINISTRO: INVENTARIO ACTUAL POR OBJETAL AL (02/10/2019)"]
["Codigo","Fecha Recepcion y Adquisición",null,"Descripción","Unidad de Medida","Cantidad",null,"Precio",null,"Monto"]
["47131831201","2019-09-18",null,"ACIDO MURIATICO (DETERGENTE)","Unidad",77,null,275,null,21175]
["60131002204","2017-08-31",null,"ACORDEON 5.25 X 13.5","Unidad",50,null,350,null,17500]
["60131002203","2015-01-16",null,"ACORDEON 7 X 17.8","Unidad",15,null,350,null,5250]
["60131002201","2019-09-20",null,"ACORDEON 8 1/2 X 11","Unidad",9,null,296.61,null,2669.49]
["60131002207","2019-08-12",null,"Acordeon 8 1/2 x 13","Unidad",88,null,350,null,30800]
["44121905201","2019-03-22",null,"ALMOHADILLA","Unidad",213,null,280,null,59640]
["47131706203","2019-09-30",null,"AMBIENTADOR","Unidad",36,null,58,null,2088]
["44122117205","2019-09-11",null,"ANILLAS P/ENCUADERNAR 08MM","Unidad",850,null,20,null,17000]
["44122117204","2019-09-11",null,"ANILLAS P/ENCUADERNAR 10MM","Unidad",366,null,20,null,7320]
["44122117203","2019-09-11",null,"ANILLAS P/ENCUADERNAR 12MM","Unidad",172,null,20,null,3440]
["44122117202","2019-09-11",null,"ANILLAS P/ENCUADERNAR 19MM","Unidad",177,null,25,null,4425]
["44122117206","2019-09-11",null,"ANILLAS P/ENCUADERNAR 6MM","Unidad",1792,null,20,null,35840]
["47131829201","2019-10-16",null,"Arizolin","Unidad",93,null,257.71,null,23967.03]
["30101603201","2019-01-24",null,"Armazon 81/2x11","Unidad",35,null,292.4,null,10234]
["30101603202","2019-06-19",null,"Armazon 81/2x13","Unidad",22,null,207.63,null,4567.86]
["70141507202","2019-09-30",null,"AZUCAR BLANCA (SIN ITBIS)","Libra",320,null,28,null,8960]
["50161509201","2019-09-27",null,"AZUCAR CREMA","Libra",465,null,26,null,12090]
["44111503201","2019-07-17",null,"Bandeja de correspondencia","Unidad",183,null,288.75,null,52841.25]
["44111516202","2019-09-27",null,"Bandeja de escitorio","Unidad",116,null,570,null,66120]
["44111516203","2019-09-26",null,"Bandeja vertical (archivador vertical)","Unidad",70,null,412.64,null,28884.8]
["55121706202","2019-09-18",null,"Bandera Nacional","Unidad",116,null,825,null,95700]
["31201603219","2019-09-27",null,"Banditas de Goma","Caja",47,null,29.21,null,1372.87]
["44121701202","2019-10-16",null,"BOLIGRAFO AZUL","Unidad",818,null,6.28,null,5137.04]
["44121701201","2019-09-27",null,"BOLIGRAFO NEGRO","Unidad",663,null,6.28,null,4163.64]
["44121701208","2019-09-18",null,"BOLIGRAFO ROJO","Unidad",576,null,40,null,23040]
["44121701209","2019-08-06",null,"BOLIGRAFO VERDE","Unidad",33,null,9,null,297]
["44121804201","2019-08-27",null,"BORRADOR DE PIZARRA","Unidad",97,null,19.82,null,1922.54]
["60121535201","2019-09-23",null,"BORRAS","Unidad",46,null,22.94,null,1055.24]
["47131602201","2019-09-27",null,"Brillo verde (SIN ITBIS)","Unidad",850,null,33.24,null,28254]
["50201706202","2301-07-24",null,"Café","Libra",817,null,220,null,179740]
["46171506201","2019-06-07",null,"Caja Chica","Unidad",42,null,2600,null,109200]
["44101801203","2019-09-19",null,"Calculadora manual","Unidad",66,null,402.72,null,26579.52]
["43202101202","2019-09-20",null,"CARATULA PARA CD","Unidad",415,null,25,null,10375]
["44122011207","2019-09-27",null,"CARPETA CON COVER 3 PULGADA B.","Unidad",8,null,123.64,null,989.12]
["44122011208","2019-09-27",null,"CARPETA NEGRA DE 1 PULGADA","Unidad",230,null,60,null,13800]
["44122011216","2019-07-08",null,"Carpetas","Unidad",3,null,244.47,null,733.41]
["14111610204","2019-09-27",null,"CARTULINA AMARILLA","Unidad",65,null,5.25,null,341.25]
["14111610202","2019-06-11",null,"CARTULINA AZUL","Unidad",99,null,5.25,null,519.75]
["14111610203","2019-09-19",null,"CARTULINA BLANCA","Unidad",170,null,5.25,null,892.5]
["14111610208","2019-09-19",null,"CARTULINA DE HILO","Unidad",50,null,480,null,24000]
["14111610207","2019-06-11",null,"Cartulina Rosada","Docena",39,null,5.6,null,218.4]
["14111610201","2019-06-17",null,"CARTULINA VERDE","Unidad",64,null,5.25,null,336]
["43202001201","2019-09-23",null,"CD en Blanco","Unidad",718,null,40.5,null,29079]
["43201809201","2019-09-25",null,"CD EN BLANCO CON ESTUCHE","Unidad",564,null,41.26,null,23270.64]
["43202001203","2018-05-29",null,"CD Regrabable","Unidad",350,null,82.58,null,28903]
["47131605201","2019-06-24",null,"CEPILLO DE PARED","Unidad",104,null,80,null,8320]
["47131605202","2019-04-01",null,"CEPILLO PARA INODORO","Unidad",45,null,90,null,4050]
["44122106201","2019-09-16",null,"CHINCHETAS","Caja",37,null,25,null,925]
["31201510201","2019-09-30",null,"Cinta adhesiva 3/4 x36","Unidad",46,null,60,null,2760]
["31201505201","2019-09-25",null,"CINTA ADHESIVA GRANDE","Unidad",63,null,124.92,null,7869.96]
["31201510202","2019-09-26",null,"Cinta adhesiva mediana","Unidad",70,null,20.35,null,1424.5]
["31201505205","2019-09-18",null,"CINTA DOBLE CARA","Unidad",42,null,151.2,null,6350.4]
["44101805201","2019-08-01",null,"CINTA PARA CALCULADORA","Unidad",442,null,38,null,16796]
["44102606202","2019-08-01",null,"CINTA PARA ESCRIBIR AX10","Unidad",67,null,169.56,null,11360.52]
["44122104210","2019-09-27",null,"CLIP BILLETERO 19MM","Caja",124,null,1.99,null,246.76]
["44122104203","2019-08-29",null,"CLIP BILLETERO 25 MM","Caja",205,null,2.84,null,582.2]
["44122104209","2019-09-13",null,"CLIP BILLETERO 41MM","Caja",354,null,30,null,10620]
["44122105201","2019-09-19",null,"CLIP BILLETERO DE 51MM","Caja",80,null,10.23,null,818.4]
["44122105203","2019-09-27",null,"Clips de Billeteros 32mm","Caja",151,null,3.95,null,596.45]
["44122104212","2019-09-27",null,"Clips grande","Caja",249,null,40,null,9960]
["44103502204","2019-09-27",null,"Clips Pequeños","Caja",426,null,14,null,5964]
["12141901206","2019-09-30",null,"CLORO","Galon",7,null,72.84,null,509.88]
["44121804203","2019-09-26",null,"Corrector liquido blanco","Unidad",244,null,33,null,8052]
["47121804201","2019-09-20",null,"Cubetas plasticas","Unidad",26,null,137,null,3562]
["47131803202","2019-09-30",null,"Desinfectante","Galon",63,null,330,null,20790]
["47131805204","2019-09-20",null,"DETERGENTE","Libra",70,null,40,null,2800]
["47131805202","2019-10-16",null,"DETERGENTE (SIN ITBIS)","Libra",5,null,30.13,null,150.65]
["44121635202","2019-09-30",null,"DISPENSADOR DE CINTA PEGANTE","Unidad",33,null,109.74,null,3621.42]
["43202003201","2019-07-23",null,"DVD-R","Unidad",570,null,13.33,null,7598.1]
["47131604206","2019-09-30",null,"ESCOBAS PLASTICAS","Unidad",69,null,163.8,null,11302.2]
["47131805203","2019-09-26",null,"Espuma de Limpieza","Unidad",211,null,235.2,null,49627.2]
["44121701203","2301-07-24",null,"FELPAS AZULES","Unidad",65,null,17,null,1105]
["44121701204","2019-09-09",null,"FELPAS NEGRA","Unidad",814,null,11,null,8954]
["44121701205","2019-04-25",null,"FELPAS ROJAS","Unidad",672,null,17,null,11424]
["44122023206","2019-07-29",null,"FOLDER ( 8 1/2 X 13 )","Unidad",12198,null,3.6,null,43912.8]
["44122023204","2019-08-05",null,"FOLDER CON BOLSILLO AZUL","Unidad",1,null,17,null,17]
["44122023201","2301-07-24",null,"FOLDER CON BOLSILLO BLANCO","Unidad",180,null,0,null,0]
["14111509215","2019-09-26",null,"FOLDER SATINADO CON BOLSILLO V.","Unidad",1345,null,31.8,null,42771]
["14111509213","2019-04-24",null,"FOLDER SATINADO MORADO","Unidad",1577,null,36.6,null,57718.2]
["14111509234","2019-09-27",null,"FOLDERS 8 1/2 X 11","Unidad",8463,null,3.39,null,28689.57]
["24111503203","2019-09-27",null,"FUNDAS 28*36","Paquete ",38,null,590,null,22420]
["47121701204","2301-07-24",null,"FUNDAS PARA BASURAS 36 X 54","Paquete ",643,null,874,null,561982]
["44111512201","2019-09-27",null,"Ganchos ( macho & hembra)","Caja (50 Uds.)",160,null,52,null,8320]
["44122107207","2019-08-12",null,"grapa de 1/2","Caja",58,null,140,null,8120]
["44122107204","2019-10-16",null,"Grapa standar","Caja",135,null,44.74,null,6039.9]
["44101707201","2019-08-21",null,"GRAPADORA GRANDE","Unidad",11,null,192.12,null,2113.32]
["44101707204","2019-09-30",null,"GRAPADORA MEDIANA","Unidad",45,null,192.12,null,8645.4]
["44101707203","2019-09-26",null,"Grapas gruesa 3/8","Caja",41,null,241.92,null,9918.72]
["47131503201","2019-09-25",null,"Guantes de latex reusables","Par",233,null,29.66,null,6910.78]
["42132203203","2019-09-19",null,"GUANTES DESECHABLES","Caja",18,null,310,null,5580]
["60121301201","2018-10-26",null,"Guillotinas","Unidad",1,null,7300,null,7300]
["11151704201","2019-09-19",null,"HILO PARA TRIMMER","Pie",17125,null,4.94,null,84597.5]
["47131825203","2019-08-27",null,"Humectador dactilar","Unidad",60,null,36.1,null,2166]
["10191509203","2019-09-30",null,"Insecticidas","Unidad",210,null,134.16,null,28173.6]
["47131825209","2019-09-27",null,"JABON DE FREGAR","Unidad",14,null,35,null,490]
["47131704202","2301-07-24",null,"Jabon Liquido","Galon",43,null,152.64,null,6563.52]
["55121606201","2019-08-12",null,"LABEL PARA CD","Caja",40,null,92.99,null,3719.6]
["44121706202","2019-09-27",null,"lapiz de carbón","Unidad",938,null,4.95,null,4643.1]
["14111509224","2019-09-27",null,"Libreta Rayada 8 ½ x 11","Unidad",257,null,49.2,null,12644.4]
["14111509217","2019-09-26",null,"LIBRETAS RAYADAS 5X8","Unidad",211,null,24.6,null,5190.6]
["14111509208","2019-09-19",null,"Libro Records (300 páginas)","Unidad",139,null,266,null,36974]
["14111509209","2019-09-18",null,"Libro Records (500 páginas)","Unidad",223,null,322,null,71806]
["12161902201","2019-09-05",null,"LIMPIA CRISTALES","Galon",31,null,89,null,2759]
["30181504202","2019-08-23",null,"Llave de lavamanos","Unidad",4,null,2600,null,10400]
["44121708209","2019-09-25",null,"MARCADOR GRUESO AZUL","Unidad",462,null,81.86,null,37819.32]
["44121708210","2019-09-25",null,"MARCADOR GRUESO NEGRO","Unidad",461,null,81.86,null,37737.46]
["44121708211","2019-09-25",null,"MARCADORES GRUESOS ROJO","Unidad",908,null,81.86,null,74328.88]
["44121708219","2019-09-17",null,"MARCADORES GRUESOS VERDE","Unidad",1088,null,6,null,6528]
["44121708213","2019-08-23",null,"MARCADORES PARA CD AZUL","Unidad",182,null,20,null,3640]
["44121708214","2019-09-04",null,"MARCADORES PARA PIZARRA AZUL","Unidad",116,null,12.5,null,1450]
["44121708215","2019-08-27",null,"MARCADORES PARA PIZARRA NEGRO","Unidad",29,null,12.5,null,362.5]
["44121708216","2019-09-04",null,"MARCADORES PARA PIZARRA ROJO","Unidad",94,null,20,null,1880]
["44121708212","2019-02-11",null,"MARCADORES VERDE PARA CD","Unidad",150,null,30.5,null,4575]
["44121627203","2019-09-25",null,"MARCADORES VERDES","Unidad",68,null,81.86,null,5566.48]
["31201502202","2019-07-12",null,"MASKING TAPE DE 1 PULG","Unidad",76,null,88.24,null,6706.24]
["31201502206","2019-09-12",null,"MASKING TAPE DE 1/2 PULG","Unidad",83,null,84,null,6972]
["31201503202","2019-06-11",null,"Masquing Tape de 2 Pulg","Unidad",60,null,107.38,null,6442.8]
["47131611201","2019-09-18",null,"PALITAS PARA BASURA","Unidad",20,null,78,null,1560]
["14111507202","2019-09-20",null,"Papel bond 20 ( 8.5 X 14)","Resma ",1,null,250,null,250]
["14111507205","2019-09-30",null,"Papel bond 20 (8.5 X 11)","Resma ",2216,null,143.85,null,318771.6]
["14111507203","2019-09-26",null,"Papel bond 20 (8.5 X 13)","Resma ",135,null,165,null,22275]
["52121601203","2019-09-25",null,"PAPEL DE COCINA","Rollo",53,null,70,null,3710]
["14111507206","2019-09-06",null,"Papel en Hilo (8.5 X 11)","Resma ",22,null,390,null,8580]
["14111704202","2019-09-30",null,"Papel Higienico (Jumbo)","Unidad",434,null,31,null,13454]
["14111704201","2019-09-26",null,"Papel higienico para baño institucional","Unidad",543,null,153,null,83079]
["14111515201","2019-09-26",null,"Papel para Sumadora","Unidad",1271,null,10.5,null,13345.5]
["14111511202","2019-08-28",null,"PAPEL TIMBRADO","Resma ",134,null,335,null,44890]
["60123601201","2019-09-27",null,"PEGAMENTO UHU","Unidad",118,null,130.39,null,15386.02]
["44122011211","2019-09-05",null,"Pendaflex ( 8 1/2  X 11)","Unidad",1665,null,15,null,24975]
["44122011212","2019-03-22",null,"Pendaflex (8 1/2  X 13)","Unidad",1575,null,20,null,31500]
["45101903201","2019-09-26",null,"Perforadora 2 hoyos","Unidad",11,null,205,null,2255]
["45101903202","2019-09-27",null,"Perforadora 3 hoyos","Unidad",30,null,744.45,null,22333.5]
["44111906201","2018-10-03",null,"Pizarra","Unidad",9,null,3187.1,null,28683.9]
["44111911201","2019-09-19",null,"PIZARRA DE CRAYON","Unidad",23,null,700,null,16100]
["44122104207","2019-09-23",null,"Porta Clips","Unidad",48,null,6.97,null,334.56]
["44121715205","2019-09-23",null,"Porta lapiz","Unidad",44,null,52.62,null,2315.28]
["47131701201","2019-09-23",null,"PORTA PAPEL TOALLA","Unidad",2,null,680,null,1360]
["14111509210","2019-08-21",null,"PORTADAS AZULES DE 3 HOYOS ","Unidad",2934,null,20,null,58680]
["14111509212","2019-09-11",null,"PORTADAS PARA ENCUADERNAR P.","Unidad",8225,null,20,null,164500]
["14111509211","2018-10-24",null,"PORTADAS PARA ENCUADERNAR VERDE","Unidad",2700,null,15,null,40500]
["14111530201","2019-09-27",null,"POST IT 2X3","Unidad",1974,null,12,null,23688]
["14111530204","2019-09-25",null,"POST-IT 3 X 3","Unidad",379,null,12.08,null,4578.32]
["14111530205","2019-09-26",null,"POST-IT 3X5","Unidad",1795,null,19.58,null,35146.1]
["44122014201","2017-08-31",null,"Refuerzo Para Hojas","Unidad",36,null,35,null,1260]
["41111604201","2019-09-26",null,"Reglas 12\"","Unidad",14,null,10,null,140]
["44121708234","2019-09-26",null,"RESALTADOR AMARILLO","Caja",901,null,177.09,null,159558.09]
["44103111202","2019-04-03",null,"Roll- tinta Azul","Unidad",242,null,52,null,12584]
["44103111201","2019-01-08",null,"Rolo de Tinta Negra","Unidad",35,null,250,null,8750]
["44103111203","2019-01-08",null,"ROLON DE TINTA VERDE","Unidad",78,null,320,null,24960]
["44122026201","2019-09-30",null,"Sacagrapas","Unidad",34,null,26.59,null,904.06]
["44121625202","2019-09-27",null,"SACAPUNTA ELECTRICO","Unidad",18,null,740,null,13320]
["44121625201","2019-09-25",null,"SACAPUNTAS DE HIERRO","Unidad",75,null,14.22,null,1066.5]
["14111705208","2019-09-27",null,"SERVILLETAS 500/1","Paquete",25,null,62.5,null,1562.5]
["44121506207","2019-09-19",null,"SOBRE BLANCO NO.10","Unidad",21,null,1.62,null,34.02]
["44121506202","2019-09-17",null,"SOBRE DE MANILA 5X8","Unidad",1235,null,10,null,12350]
["44121505201","2019-09-27",null,"Sobre manila ( 9x12)","Unidad",366,null,4.42,null,1617.72]
["44121506203","2019-09-20",null,"SOBRE MANILA 10 X 15","Unidad",153,null,5.73,null,876.69]
["44121506204","2019-09-20",null,"SOBRE MANILA 14 X 16","Unidad",1298,null,9,null,11682]
["44121506220","2019-09-20",null,"Sobres","Unidad",940,null,1.88,null,1767.2]
["44121506215","2019-09-09",null,"Sobres Manila (6x9 )","Unidad",302,null,1.6,null,483.2]
["47131801204","2019-09-30",null,"SUAPER","Unidad",35,null,182,null,6370]
["47121605201","2301-07-24",null,"Suaper (SIN ITBIS)","Unidad",2,null,195.25,null,390.5]
["30191502203","2019-09-26",null,"TABLA PARA APOYAR","Unidad",130,null,175.51,null,22816.3]
["44121618201","2019-09-26",null,"TIJERAS","Unidad",15,null,300,null,4500]
["44103111205","2019-09-26",null,"TINTA P/SELLOS  VERDE","Unidad",9,null,0,null,0]
["44103111204","2019-09-27",null,"TINTA P/SELLOS AZUL 35FL","Unidad",70,null,18.86,null,1320.2]
["44103111206","2019-09-27",null,"TINTA P/SELLOS NEGRA","Unidad",42,null,0,null,0]
["44121710201","2016-01-14",null,"TIZA VERDE PARA PIZARRA","Unidad",144,null,70,null,10080]
["52121601202","2019-09-27",null,"TOALLAS DE COCINA","Unidad",82,null,52.49,null,4304.18]
["52121704201","2019-09-25",null,"TOALLAS DE COCINA (SIN ITBIS)","Unidad",35,null,49.11,null,1718.85]
["44103103237","2019-07-10",null,"TONER PK HP 492 DELL","Unidad",5,null,6800,null,34000]
["52152102201","2019-09-27",null,"VASOS TIPO CONO","Paquete ",632,null,108.38,null,68496.16]
["47131611208","2019-09-18",null,"ZAFACON DE METAL","Unidad",2,null,273,null,546]
[{"$nulls":5},"Total RD$",{"$nulls":3},3917176.63]
[]
[{"$nulls":3},"PREPADO POR",null,"AUTORIZADO POR"]